00273nam a2200109Ia 4500008004100000100002400041245002800065260002500093650002100118942000700139999001700146190216s9999||||xx |||||||||||||| ||und|| aDr.Raghavan Pilla K 0aAdhyathma Vichara Patha bKerala Sarvakalasala aMalayalam Essays cBK c24210d24210